000 00969nam a2200265Ia 4500
003 OSt
005 20221005110443.0
006 a|||||r|||| 00| 0
007 ta
008 221004b |||||||| |||| 00| 0 hin d
020 _a8179170012 (hbk)
_c1650
024 _a81212
037 _b9, 30/03/2005, Manak Publication
_cTextual
040 _aCRL
_cCRL
_bhin
041 _2hin
_ahin
082 _aX:3Mv, 152P2.1-.3
100 _aमिश्र, कृष्णकान्त
245 0 _aसमाजवादी चिंतन का इतिहास
246 _aSamājavādī chiantan kā itihāsa
260 _aनई दिल्ली
_bग्रंथ शिल्पी भारत
_c2002
490 _vभाग 3
650 _aअर्थशास्त्र
942 _hX:3Mv, 152P2.1-.3
_cTEXL
_2cc
999 _c1018867
_d1018867